[Event "4th EUR-ch"]
[Site "Istanbul TUR"]
[Date "2003.05.30"]
[Round "1.1"]
[White "Conquest, Stuart"]
[Black "Ivanchuk, Vasyl"]
[Result "1/2-1/2"]
[WhiteElo "2556"]
[BlackElo "2704"]
[EventDate "2003.05.30"]
[PlyCount "74"]

1.Nf3 c5 2.g3 g6 3.c3 b6 4.Bg2 Bb7 5.d4 Nf6 6.Qb3 Qc8 7.O-O Bg7 8.dxc5 
Qxc5 9.Ne5 Bd5 10.Bxd5 Qxd5 11.Qxd5 Nxd5 12.Nf3 d6 13.Rd1 Nc7 14.Nd4 Kd7 
15.Na3 Rc8 16.f3 Nc6 17.Be3 Rab8 18.Bf2 Nxd4 19.Bxd4 Bxd4+ 20.Rxd4 b5 21.
Nc2 a5 22.Ne3 Ne6 23.Rd2 Nc5 24.Rad1 Rc6 25.Kf2 b4 26.cxb4 axb4 27.b3 Ne6 
28.Nc4 Ke8 29.Rc2 Ra8 30.Rdd2 f5 31.Ne3 Rxc2 32.Rxc2 Ra5 33.Rc4 Rxa2 34.
Rxb4 Nc5 35.Rb8+ Kd7 36.Nd5 e6 37.Nf6+ Ke7 1/2-1/2

[Event "4th EUR-ch"]
[Site "Istanbul TUR"]
[Date "2003.05.30"]
[Round "1.4"]
[White "Sokolov, Ivan"]
[Black "Spasov, Vasil"]
[Result "1/2-1/2"]
[WhiteElo "2677"]
[BlackElo "2555"]
[EventDate "2003.05.30"]
[PlyCount "85"]

1.d4 Nf6 2.c4 g6 3.Nc3 Bg7 4.e4 d6 5.Bd3 O-O 6.Nge2 Nc6 7.O-O Nh5 8.Bc2 e5
9.d5 Ne7 10.Kh1 f5 11.exf5 Nxf5 12.Ne4 Nf6 13.Bg5 Qe8 14.Qd2 Nxe4 15.Bxe4 
Bd7 16.Rae1 Qf7 17.h3 Rae8 18.Qd3 Nd4 19.Be3 Qf6 20.b4 Qh4 21.Ng1 Rf7 22.
g3 Qd8 23.Kg2 Qc8 24.Bxd4 exd4 25.Re2 c5 26.dxc6 Bxc6 27.Rfe1 Qf5 28.Bxc6 
Qxd3 29.Rxe8+ Rf8 30.Bd5+ Kh8 31.Rxf8+ Bxf8 32.Re8 Qf5 33.Nf3 d3 34.Nd4 
Qf6 35.Ne6 d2 36.Bf3 Qxf3+ 37.Kxf3 d1=Q+ 38.Kg2 h6 39.Rxf8+ Kh7 40.Rf7+ 
Kh8 41.Rf8+ Kh7 42.Rf7+ Kh8 43.Rf8+ 1/2-1/2

[Event "4th EUR-ch"]
[Site "Istanbul TUR"]
[Date "2003.05.30"]
[Round "1.5"]
[White "Kempinski, Robert"]
[Black "Van Wely, Loek"]
[Result "1/2-1/2"]
[WhiteElo "2553"]
[BlackElo "2675"]
[EventDate "2003.05.30"]
[PlyCount "120"]

1.d4 Nf6 2.c4 g6 3.g3 Bg7 4.Bg2 d5 5.cxd5 Nxd5 6.e4 Nb4 7.d5 c6 8.a3 Qa5 
9.Nc3 cxd5 10.Be3 N4c6 11.exd5 Ne5 12.Bd4 Bf5 13.Bxe5 Bxe5 14.Ne2 Qb6 15.
Na4 Qd6 16.O-O O-O 17.Re1 Bg4 18.h3 Bxe2 19.Qxe2 Nd7 20.Qb5 Rab8 21.Rac1 
a6 22.Qe2 Rbc8 23.b4 Bd4 24.Kh2 Rxc1 25.Rxc1 h5 26.Qd2 Ba7 27.h4 Ne5 28.
Nc5 Rc8 29.Ne4 Ng4+ 30.Kg1 Rxc1+ 31.Qxc1 Qe5 32.Qf4 Qd4 33.Bh3 Qd1+ 34.Bf1
Kg7 35.Nc5 Bxc5 36.bxc5 Qxd5 37.Bc4 Qd1+ 38.Kg2 e6 39.Qe4 Qh1+ 40.Kxh1 
Nxf2+ 41.Kg2 Nxe4 42.c6 b5 43.Be2 Nd6 44.c7 Kf6 45.Bf3 a5 46.Kf2 Ke7 47.
Bc6 b4 48.axb4 axb4 49.Ke2 e5 50.Kd3 f5 51.Kc2 e4 52.Kb3 e3 53.Bb5 e2 54.
Bxe2 Kd7 55.Bf3 Kxc7 56.Kxb4 f4 57.gxf4 Nf5 58.Bd5 Nxh4 59.Bf7 Kd6 60.f5 
Nxf5 1/2-1/2

[Event "4th EUR-ch"]
[Site "Istanbul TUR"]
[Date "2003.05.30"]
[Round "1.13"]
[White "David, Alberto"]
[Black "Bacrot, Etienne"]
[Result "1/2-1/2"]
[WhiteElo "2548"]
[BlackElo "2654"]
[EventDate "2003.05.30"]
[PlyCount "36"]

1.e4 e5 2.Nf3 Nf6 3.Nxe5 d6 4.Nf3 Nxe4 5.Nc3 Nxc3 6.dxc3 Be7 7.Bf4 O-O 8.
Qd2 Nd7 9.O-O-O Re8 10.Bc4 Nb6 11.Bd3 Be6 12.Kb1 Bf6 13.h4 Bd5 14.Ng5 h6 
15.Bh7+ Kf8 16.Bf5 Kg8 17.Bh7+ Kf8 18.Bf5 Kg8 1/2-1/2

[Event "4th EUR-ch"]
[Site "Istanbul TUR"]
[Date "2003.05.30"]
[Round "1.14"]
[White "Vaganian, Rafael"]
[Black "Areschenko, Alexander"]
[Result "1/2-1/2"]
[WhiteElo "2653"]
[BlackElo "2546"]
[EventDate "2003.05.30"]
[PlyCount "48"]

1.d4 Nf6 2.c4 g6 3.g3 Bg7 4.Bg2 d5 5.cxd5 Nxd5 6.e4 Nb6 7.Ne2 O-O 8.Nbc3 
Nc6 9.d5 Na5 10.b3 c6 11.Ba3 cxd5 12.exd5 Bg4 13.Rc1 Bh6 14.Rb1 Rc8 15.Bb4
Nd7 16.Qd4 Bf5 17.Rd1 Bc2 18.Rd2 Bxb3 19.Bxa5 Qxa5 20.axb3 Bg7 21.Qa4 Bxc3
22.Nxc3 Qxc3 23.Qxd7 Qe5+ 24.Kd1 Qa1+ 1/2-1/2

[Event "4th EUR-ch"]
[Site "Istanbul TUR"]
[Date "2003.05.30"]
[Round "1.15"]
[White "Sturua, Zurab"]
[Black "Sutovsky, Emil"]
[Result "1/2-1/2"]
[WhiteElo "2545"]
[BlackElo "2652"]
[EventDate "2003.05.30"]
[PlyCount "39"]

1.Nf3 Nf6 2.d4 g6 3.c4 Bg7 4.g3 d5 5.cxd5 Nxd5 6.Bg2 Nb6 7.O-O Nc6 8.e3 
O-O 9.Nc3 Re8 10.d5 Na5 11.Nd4 Bd7 12.b3 c5 13.dxc6 Nxc6 14.Nxc6 Bxc6 15.
Bxc6 Qxd1 16.Rxd1 bxc6 17.Bb2 a5 18.Rac1 a4 19.Nxa4 Nxa4 20.Bxg7 1/2-1/2

[Event "4th EUR-ch"]
[Site "Istanbul TUR"]
[Date "2003.05.30"]
[Round "1.16"]
[White "Alexandrov, Alexei"]
[Black "Gershon, Alik"]
[Result "1-0"]
[WhiteElo "2650"]
[BlackElo "2543"]
[EventDate "2003.05.30"]
[PlyCount "75"]

1.d4 Nf6 2.c4 e6 3.Nc3 Bb4 4.e3 O-O 5.Bd3 c5 6.Nf3 d5 7.O-O dxc4 8.Bxc4 
Nbd7 9.a3 Ba5 10.Nb5 cxd4 11.b4 a6 12.Nbxd4 Bc7 13.Bxe6 Nb6 14.Bb3 Bg4 15.
h3 Bd7 16.Bb2 Ne4 17.Rc1 Rc8 18.a4 Qe8 19.a5 Na4 20.Ba1 b6 21.axb6 Nxb6 
22.Qd3 Qe7 23.Bb2 Ng5 24.Bc2 Qd6 25.Rfd1 Rfd8 26.Qxa6 Be6 27.Bd3 h6 28.Qa1
Bd5 29.e4 Bb7 30.h4 Nxe4 31.Nb5 Qf4 32.Rxc7 Rxc7 33.Be5 Qg4 34.Bxc7 Ng5 
35.Be2 Re8 36.hxg5 Rxe2 37.Nbd4 Nd7 38.Bg3 1-0

[Event "4th EUR-ch"]
[Site "Istanbul TUR"]
[Date "2003.05.30"]
[Round "1.18"]
[White "Georgiev, Kiril"]
[Black "Banikas, Hristos"]
[Result "1-0"]
[WhiteElo "2647"]
[BlackElo "2542"]
[EventDate "2003.05.30"]
[PlyCount "55"]

1.d4 Nf6 2.c4 c5 3.d5 b5 4.Nf3 g6 5.cxb5 a6 6.b6 d6 7.Nc3 Nbd7 8.e4 Bg7 9.
Be2 O-O 10.O-O Nxb6 11.Bf4 Bb7 12.Qd2 Qd7 13.a4 Rfd8 14.a5 Nxe4 15.Nxe4 
Nxd5 16.Bh6 Qf5 17.Nc3 Nb4 18.Bxg7 Kxg7 19.Nd4 Qf6 20.Nc2 Nxc2 21.Qxc2 
Rab8 22.Na4 Qg5 23.Qc3+ e5 24.Qg3 Qd2 25.Nc3 Qxb2 26.Rfb1 Qd2 27.Ra2 Qh6 
28.Rab2 1-0

[Event "4th EUR-ch"]
[Site "Istanbul TUR"]
[Date "2003.05.30"]
[Round "1.21"]
[White "Dervishi, Erald"]
[Black "Kobalia, Mikhail"]
[Result "0-1"]
[WhiteElo "2535"]
[BlackElo "2639"]
[EventDate "2003.05.30"]
[PlyCount "70"]

1.e4 c5 2.Nf3 d6 3.d4 cxd4 4.Nxd4 Nf6 5.Nc3 a6 6.Be2 e5 7.Nb3 Be7 8.O-O 
O-O 9.Kh1 Nc6 10.f4 b5 11.a4 b4 12.Nd5 Nxe4 13.Bf3 f5 14.Nxe7+ Nxe7 15.
fxe5 dxe5 16.Qxd8 Rxd8 17.Bxe4 fxe4 18.Bg5 Ra7 19.Rae1 h6 20.Bd2 a5 21.
Rxe4 Nc6 22.Be3 Rf7 23.Re1 Be6 24.Nd2 Bf5 25.Rc4 Nd4 26.Rc1 Nxc2 27.R1xc2 
Bxc2 28.Rxc2 Rd3 29.Bg1 b3 30.Rc8+ Kh7 31.Nc4 Rf1 32.Nxe5 Rd2 33.h4 Rxb2 
34.Rb8 Rf4 35.g3 Rf1 0-1

[Event "4th EUR-ch"]
[Site "Istanbul TUR"]
[Date "2003.05.30"]
[Round "1.24"]
[White "Macieja, Bartlomiej"]
[Black "Fontaine, Robert"]
[Result "0-1"]
[WhiteElo "2634"]
[BlackElo "2527"]
[EventDate "2003.05.30"]
[PlyCount "70"]

1.e4 e5 2.Nf3 Nc6 3.Bc4 Bc5 4.c3 Nf6 5.b4 Bb6 6.d3 d6 7.O-O O-O 8.Nbd2 Ne7
9.Bb3 c6 10.Nc4 Bc7 11.Bg5 Ng6 12.Nh4 Nf4 13.Bxf4 exf4 14.Nf3 d5 15.exd5 
cxd5 16.Ncd2 Bg4 17.Qc2 a5 18.a3 Qd7 19.Rae1 Rfe8 20.Rxe8+ Rxe8 21.Nd4 b5 
22.N2f3 a4 23.Ba2 Bb6 24.Qd2 Bxd4 25.Nxd4 f3 26.g3 Bh5 27.Qf4 Qh3 28.Nxf3 
h6 29.Bb1 Bg4 30.Re1 Rxe1+ 31.Nxe1 Be2 32.Ng2 Ng4 33.Qb8+ Kh7 34.d4+ g6 
35.Bxg6+ Kg7 0-1

[Event "4th EUR-ch"]
[Site "Istanbul TUR"]
[Date "2003.05.30"]
[Round "1.26"]
[White "Volkov, Sergei"]
[Black "Guliev, Sarhan"]
[Result "1-0"]
[WhiteElo "2634"]
[BlackElo "2524"]
[EventDate "2003.05.30"]
[PlyCount "95"]

1.d4 f5 2.Nc3 Nf6 3.Bg5 d5 4.Bxf6 exf6 5.e3 c6 6.Bd3 Qb6 7.Na4 Qa5+ 8.c3 
b5 9.Nc5 Bxc5 10.dxc5 b4 11.a3 b3 12.Qxb3 Na6 13.Bxa6 Bxa6 14.Qb4 Qc7 15.
Nf3 Rb8 16.Qa4 Bd3 17.Rd1 Bb5 18.Qf4 Qxf4 19.exf4 Ba4 20.Rd2 Kd7 21.O-O 
Rhe8 22.Nd4 g6 23.f3 Kc7 24.Kf2 Bb3 25.Re1 Rxe1 26.Kxe1 Bc4 27.b3 Ba6 28.
Kf2 Re8 29.Rd1 Re7 30.h3 h5 31.Rh1 Bc8 32.Re1 Rxe1 33.Kxe1 h4 34.Kf2 Kd7 
35.g3 hxg3+ 36.Kxg3 Kc7 37.h4 Bd7 38.h5 gxh5 39.Kh4 Be8 40.Nxf5 Bg6 41.Nd6
Bc2 42.b4 Kd7 43.f5 a6 44.Kxh5 Ke7 45.Kg6 Ba4 46.Nc8+ Kd8 47.Kxf6 Kxc8 48.
Ke7 1-0

[Event "4th EUR-ch"]
[Site "Istanbul TUR"]
[Date "2003.05.30"]
[Round "1.27"]
[White "Potkin, Vladimir"]
[Black "Lastin, Alexander"]
[Result "1/2-1/2"]
[WhiteElo "2522"]
[BlackElo "2632"]
[EventDate "2003.05.30"]
[PlyCount "82"]

1.e4 e6 2.d4 d5 3.e5 c5 4.c3 Qb6 5.Nf3 Bd7 6.Bd3 cxd4 7.Nxd4 Nc6 8.Nxc6 
bxc6 9.O-O Ne7 10.Nd2 Ng6 11.Nf3 Be7 12.Qe2 c5 13.c4 dxc4 14.Be4 Bc6 15.
Qxc4 O-O 16.Bxc6 Qxc6 17.b3 Rfd8 18.Re1 Rd5 19.Ba3 Rad8 20.Rac1 h6 21.h4 
h5 22.Bb2 Qb7 23.Kf1 R8d7 24.Rc2 Rd3 25.Rc3 Rd1 26.Rc1 R1d3 27.Rc3 R3d5 
28.Rc2 Qb6 29.Kg1 Rd1 30.Rc1 R1d3 31.Rc3 Qd8 32.g3 Rd1 33.Rc1 Rxe1+ 34.
Rxe1 Qa5 35.Ra1 Rd5 36.Bc3 Qd8 37.Re1 Nf8 38.Qe2 Rd3 39.Rc1 Rd5 40.Nd2 g6 
41.Nc4 Qc8 1/2-1/2

[Event "4th EUR-ch"]
[Site "Istanbul TUR"]
[Date "2003.05.30"]
[Round "1.28"]
[White "Tregubov, Pavel"]
[Black "Nedev, Trajce"]
[Result "1-0"]
[WhiteElo "2632"]
[BlackElo "2518"]
[EventDate "2003.05.30"]
[PlyCount "91"]

1.d4 Nf6 2.c4 g6 3.g3 d5 4.cxd5 Nxd5 5.Bg2 Bg7 6.Nf3 Nb6 7.Nc3 Nc6 8.O-O 
Nxd4 9.Nxd4 Qxd4 10.Qxd4 Bxd4 11.Nb5 Be5 12.Bf4 Bxf4 13.gxf4 O-O 14.Nxc7 
Rb8 15.a4 Bd7 16.a5 Nc8 17.Rfd1 Bc6 18.Rac1 Nd6 19.Bxc6 bxc6 20.Rd2 Ne4 
21.Rd4 Nd6 22.b4 Rfc8 23.Na6 Rb5 24.e4 f6 25.Nc5 Kf7 26.e5 Nf5 27.Rd7 Rxb4
28.e6+ Ke8 29.Rxa7 Nd4 30.Kf1 Nb5 31.Rb7 Rxf4 32.a6 Nd6 33.Rb3 Rc4 34.Rxc4
Nxc4 35.Kg2 Nd6 36.a7 Nb5 37.Rxb5 cxb5 38.Na6 Kd8 39.Nb8 Kc7 40.a8=Q Rxb8 
41.Qa7+ Rb7 42.Qc5+ Kb8 43.Qb4 Kc8 44.Kf3 Kb8 45.Ke4 Ka7 46.Kd4 1-0

[Event "4th EUR-ch"]
[Site "Istanbul TUR"]
[Date "2003.05.30"]
[Round "1.29"]
[White "Georgiev, Krum"]
[Black "Graf, Alexander"]
[Result "0-1"]
[WhiteElo "2516"]
[BlackElo "2630"]
[EventDate "2003.05.30"]
[PlyCount "64"]

1.e4 c5 2.Nf3 e6 3.b3 d6 4.d4 Nf6 5.Bd3 cxd4 6.Nxd4 d5 7.e5 Nfd7 8.Nxe6 
Qe7 9.Nc7+ Kd8 10.Nxa8 Qxe5+ 11.Qe2 Bb4+ 12.Bd2 Bxd2+ 13.Kxd2 Qxa1 14.Re1 
Qf6 15.Nc3 Nc6 16.Nb5 Nc5 17.Qe3 Nxd3 18.cxd3 Bd7 19.Qc5 Qb2+ 20.Kd1 Qb1+ 
21.Kd2 Qxa2+ 22.Kc3 Qa5+ 23.b4 Nxb4 24.Qe7+ Kc8 25.Nd6+ Kb8 26.Qxd7 Nc6+ 
27.Kc2 Nd4+ 28.Kd1 Qa1+ 29.Kd2 Qb2+ 30.Ke3 Nc2+ 31.Kf4 Nxe1 32.Ne8 Nxd3+ 
0-1

[Event "4th EUR-ch"]
[Site "Istanbul TUR"]
[Date "2003.05.30"]
[Round "1.31"]
[White "Reinderman, Dimitri"]
[Black "Moiseenko, Olexandr"]
[Result "1/2-1/2"]
[WhiteElo "2516"]
[BlackElo "2627"]
[EventDate "2003.05.30"]
[PlyCount "28"]

1.e4 c5 2.Nc3 Nc6 3.Nge2 d6 4.d4 cxd4 5.Nxd4 e5 6.Nf3 Be7 7.Bc4 Be6 8.Bb3 
Nf6 9.Bg5 O-O 10.Bxf6 Bxf6 11.O-O Rc8 12.Qd3 Bg4 13.h3 Bxf3 14.Qxf3 Kh8 
1/2-1/2

[Event "4th EUR-ch"]
[Site "Istanbul TUR"]
[Date "2003.05.30"]
[Round "1.33"]
[White "San Segundo Carrillo, Pablo"]
[Black "Pelletier, Yannick"]
[Result "1/2-1/2"]
[WhiteElo "2515"]
[BlackElo "2623"]
[EventDate "2003.05.30"]
[PlyCount "29"]

1.d4 Nf6 2.c4 e6 3.Nf3 b6 4.g3 Bb7 5.Bg2 Bb4+ 6.Bd2 a5 7.O-O Bxd2 8.Qxd2 
O-O 9.Nc3 Ne4 10.Nxe4 Bxe4 11.Qe3 Bb7 12.Qd3 f5 13.Ne5 Bxg2 14.Kxg2 d6 15.
Qf3 1/2-1/2

[Event "4th EUR-ch"]
[Site "Istanbul TUR"]
[Date "2003.05.30"]
[Round "1.34"]
[White "Tiviakov, Sergei"]
[Black "Solak, Dragan"]
[Result "1/2-1/2"]
[WhiteElo "2623"]
[BlackElo "2514"]
[EventDate "2003.05.30"]
[PlyCount "112"]

1.e4 c5 2.Nf3 d6 3.d4 cxd4 4.Nxd4 Nf6 5.Nc3 Nc6 6.Bg5 e6 7.Qd2 Be7 8.O-O-O
O-O 9.f4 h6 10.Bh4 e5 11.Nf5 Bxf5 12.exf5 exf4 13.Kb1 d5 14.Bxf6 Bxf6 15.
Nxd5 Be5 16.Bc4 b5 17.Bb3 a5 18.a3 a4 19.Ba2 b4 20.Nxb4 Qf6 21.Nd5 Qxf5 
22.Qd3 Qxd3 23.Rxd3 g5 24.g3 fxg3 25.hxg3 Bg7 26.Rf1 Rad8 27.Nb6 Ne5 28.
Rxd8 Rxd8 29.Nxa4 g4 30.Nc3 Nf3 31.Rd1 Rxd1+ 32.Nxd1 h5 33.Ne3 Nd2+ 34.Kc1
Ne4 35.Nf5 Be5 36.a4 Nxg3 37.Nxg3 Bxg3 38.a5 h4 39.Kd1 h3 40.Ke2 Bb8 41.
Bd5 g3 42.b4 g2 43.Bxg2 hxg2 44.Kf2 Bd6 45.Kxg2 Bxb4 46.a6 Bc5 47.Kf3 Kf8 
48.Ke4 Ke7 49.Kd5 Ba7 50.c4 Kd8 51.c5 Kd7 52.c6+ Ke7 53.c7 Kd7 54.Ke5 Kxc7
55.Kf6 Kb6 56.Kxf7 Kxa6 1/2-1/2

[Event "4th EUR-ch"]
[Site "Istanbul TUR"]
[Date "2003.05.30"]
[Round "1.36"]
[White "Smirnov, Pavel"]
[Black "Meijers, Viesturs"]
[Result "1-0"]
[WhiteElo "2615"]
[BlackElo "2512"]
[EventDate "2003.05.30"]
[PlyCount "61"]

1.e4 c5 2.Nf3 e6 3.d4 cxd4 4.Nxd4 a6 5.Bd3 Qc7 6.O-O Nf6 7.Qe2 d6 8.c4 Nc6
9.Nxc6 bxc6 10.f4 Be7 11.Nc3 Nd7 12.Kh1 Bf6 13.Bd2 a5 14.e5 dxe5 15.Ne4 
exf4 16.Nxf6+ Nxf6 17.Bxf4 Qe7 18.Rad1 Bb7 19.Bc2 Rd8 20.Rxd8+ Qxd8 21.Rd1
Qb6 22.Bd6 h5 23.c5 Qb4 24.Qe5 Bc8 25.Be7 Bd7 26.Bxf6 gxf6 27.Qd6 Qb7 28.
Rd3 Qc8 29.Rb3 Qd8 30.Be4 f5 31.Bf3 1-0

[Event "4th EUR-ch"]
[Site "Istanbul TUR"]
[Date "2003.05.30"]
[Round "1.37"]
[White "Vesterbaek Pedersen, Nicolai"]
[Black "Dautov, Rustem"]
[Result "0-1"]
[WhiteElo "2508"]
[BlackElo "2611"]
[EventDate "2003.05.30"]
[PlyCount "203"]

1.d4 Nf6 2.c4 c6 3.Nc3 d5 4.e3 a6 5.Qc2 g6 6.Bd3 Bg7 7.Nf3 O-O 8.O-O Bg4 
9.Ne5 Be6 10.Qb3 Qc7 11.Bd2 dxc4 12.Bxc4 Bxc4 13.Qxc4 Nbd7 14.Nxd7 Nxd7 
15.Rac1 Rac8 16.Ne4 Rfd8 17.Qb3 e6 18.Rc4 Rb8 19.Bb4 Nf6 20.Nxf6+ Bxf6 21.
Bc5 b6 22.Bb4 a5 23.Bd2 e5 24.Qc2 Rbc8 25.dxe5 Qxe5 26.Bc3 Qe6 27.Bxf6 
Qxf6 28.Rc1 c5 29.h4 Rd5 30.Rf4 Qd6 31.Qb3 Rd8 32.Qc4 Qe6 33.Kh2 Rd2 34.
Qb5 R8d6 35.a3 Qe5 36.Rc4 Rxb2 37.Qa6 Rd8 38.Qb7 Rf8 39.g3 Qxe3 40.Kg2 
Qxa3 41.h5 Rb4 42.Rxb4 axb4 43.Qxb6 Qc3 44.Qc6 Qe5 45.Rc4 Qe7 46.Rxc5 Rb8 
47.h6 Qf8 48.Rb5 b3 49.Rxb8 Qxb8 50.Qf6 Qf8 51.Qc3 Qxh6 52.Qxb3 Qg5 53.Qc3
h5 54.Qc8+ Kg7 55.Qc3+ Qf6 56.Qd3 Qe5 57.Qc4 g5 58.Qd3 Qe6 59.Qd4+ Kg6 60.
Qd3+ Qf5 61.Qd6+ Kg7 62.Qd4+ Qf6 63.Qd5 Kh6 64.Qe4 Qe6 65.Qa8 Kg7 66.Qd8 
Qe4+ 67.Kg1 f6 68.Qd7+ Kg6 69.Qc8 h4 70.gxh4 gxh4 71.Qg8+ Kh5 72.Qh8+ Kg5 
73.Qg7+ Qg6 74.Qc7 Kg4 75.Qc3 Qf5 76.Kg2 Qd5+ 77.f3+ Kg5 78.Qe3+ Kf5 79.
Qh6 Qg8+ 80.Kf2 Qg3+ 81.Ke2 Qg2+ 82.Ke1 Qg5 83.Qf8 Kf4 84.Qb4+ Kxf3 85.
Qb7+ Kg3 86.Qb3+ Kh2 87.Qb2+ Kh3 88.Qb6 Qg3+ 89.Kf1 Qg2+ 90.Ke1 f5 91.Qf6 
Qe4+ 92.Kf1 Qf4+ 93.Ke1 Qe3+ 94.Kf1 Qf3+ 95.Ke1 f4 96.Kd2 Qf2+ 97.Kd1 Kh2 
98.Qf5 h3 99.Qe5 Kh1 100.Qh5 h2 101.Qh6 Qg1+ 102.Kd2 0-1

[Event "4th EUR-ch"]
[Site "Istanbul TUR"]
[Date "2003.05.30"]
[Round "1.38"]
[White "Ftacnik, Lubomir"]
[Black "Gdanski, Jacek"]
[Result "1/2-1/2"]
[WhiteElo "2611"]
[BlackElo "2506"]
[EventDate "2003.05.30"]
[PlyCount "67"]

1.Nf3 c5 2.c4 g6 3.Nc3 Bg7 4.g3 Nc6 5.Bg2 d6 6.O-O Nf6 7.d4 cxd4 8.Nxd4 
Bd7 9.e3 Qc8 10.Nde2 Bh3 11.f3 Bxg2 12.Kxg2 O-O 13.e4 a6 14.Bg5 Nd7 15.Rc1
Re8 16.Qd2 b6 17.Bh6 Bh8 18.h4 Qb7 19.h5 b5 20.hxg6 hxg6 21.cxb5 axb5 22.
b3 Nf6 23.Rh1 b4 24.Bg5 Bg7 25.Bxf6 Bxf6 26.Nd5 Bg7 27.Rc2 e6 28.Ne3 d5 
29.exd5 exd5 30.Rhc1 d4 31.Nc4 Be5 32.Nxe5 Nxe5 33.Rc7 Qd5 34.Rf1 1/2-1/2

[Event "4th EUR-ch"]
[Site "Istanbul TUR"]
[Date "2003.05.30"]
[Round "1.41"]
[White "De Vreugt, Dennis"]
[Black "Baklan, Volodymyr"]
[Result "1/2-1/2"]
[WhiteElo "2503"]
[BlackElo "2607"]
[EventDate "2003.05.30"]
[PlyCount "51"]

1.e4 e6 2.d4 d5 3.Nc3 Nf6 4.Bg5 dxe4 5.Nxe4 Nbd7 6.Nxf6+ Nxf6 7.Nf3 h6 8.
Bxf6 Qxf6 9.Bb5+ c6 10.Bd3 Bd7 11.O-O Bd6 12.Re1 c5 13.dxc5 Bxc5 14.Be4 
Rd8 15.c3 O-O 16.b4 Bb6 17.Qb3 Bc8 18.Rac1 g5 19.Bb1 Rfe8 20.Qc2 Kf8 21.
Re2 Rd5 22.c4 Rf5 23.c5 Bc7 24.Nd2 Rd5 25.Ne4 Qd4 26.a3 1/2-1/2

[Event "4th EUR-ch"]
[Site "Istanbul TUR"]
[Date "2003.05.30"]
[Round "1.43"]
[White "Cherniaev, Alexander"]
[Black "Aronian, Levon"]
[Result "1/2-1/2"]
[WhiteElo "2501"]
[BlackElo "2606"]
[EventDate "2003.05.30"]
[PlyCount "90"]

1.e4 e5 2.Nf3 Nc6 3.Bb5 Nf6 4.Qe2 Bc5 5.c3 O-O 6.d3 Re8 7.Bg5 Bf8 8.Nbd2 
h6 9.Bh4 d6 10.Ba4 Rb8 11.a3 b5 12.Bb3 Be7 13.Nf1 Nd7 14.Bg3 a5 15.Ne3 a4 
16.Ba2 Nf6 17.Nh4 Be6 18.Nhf5 d5 19.O-O d4 20.cxd4 Nxd4 21.Nxd4 exd4 22.
Bxe6 fxe6 23.Ng4 Rc8 24.f4 c5 25.f5 c4 26.fxe6 cxd3 27.Nxf6+ Bxf6 28.Qxd3 
Qb6 29.e5 Bg5 30.Bf4 Qxe6 31.Bxg5 hxg5 32.Qxd4 Qxe5 33.Qxe5 Rxe5 34.Rf2 
Rf8 35.Raf1 Rfe8 36.g3 Kh7 37.Kg2 Kg6 38.g4 Re4 39.h3 b4 40.axb4 Rxb4 41.
Rc2 Re3 42.Rf3 Rxf3 43.Kxf3 Rb3+ 44.Ke4 Rxh3 45.Rc6+ Kh7 1/2-1/2

[Event "4th EUR-ch"]
[Site "Istanbul TUR"]
[Date "2003.05.30"]
[Round "1.44"]
[White "Dolmatov, Sergei"]
[Black "Kurnosov, Igor"]
[Result "1/2-1/2"]
[WhiteElo "2606"]
[BlackElo "2500"]
[EventDate "2003.05.30"]
[PlyCount "55"]

1.e4 c5 2.Nf3 d6 3.d4 cxd4 4.Nxd4 Nf6 5.Nc3 a6 6.Be3 e6 7.Be2 Be7 8.a4 Nc6
9.O-O O-O 10.f4 Qc7 11.Kh1 Re8 12.Bf3 Bf8 13.Qd2 Na5 14.b3 Rb8 15.Nde2 b6 
16.Qe1 Nc6 17.Qf2 Nb4 18.Na2 Nxa2 19.Rxa2 Nd7 20.Bd4 Bb7 21.Ba1 Nc5 22.Qe3
Rbc8 23.Rd1 Qb8 24.Ng3 Qa8 25.c4 Bc6 26.Re2 b5 27.axb5 axb5 28.Bd4 1/2-1/2

[Event "4th EUR-ch"]
[Site "Istanbul TUR"]
[Date "2003.05.30"]
[Round "1.45"]
[White "Erenburg, Sergey"]
[Black "Korneev, Oleg"]
[Result "1/2-1/2"]
[WhiteElo "2499"]
[BlackElo "2606"]
[EventDate "2003.05.30"]
[PlyCount "97"]

1.e4 e5 2.Nf3 Nc6 3.Bc4 Bc5 4.c3 Nf6 5.d3 a6 6.Bb3 Ba7 7.Nbd2 O-O 8.h3 h6 
9.O-O d6 10.Re1 Nh5 11.Nf1 Qf6 12.Be3 Bxe3 13.Nxe3 Nf4 14.Kh2 Ne7 15.Ng1 
Be6 16.g3 Bxb3 17.axb3 Nfg6 18.Qc2 Qe6 19.Rf1 f5 20.exf5 Nxf5 21.Rae1 d5 
22.Ng2 Qd6 23.Qe2 Rf6 24.Nf3 Re8 25.Nd2 Ref8 26.Nf3 Re8 27.Nd2 a5 28.Ne3 
Nxe3 29.fxe3 Ref8 30.Rxf6 Rxf6 31.Rf1 Rf8 32.Rxf8+ Nxf8 33.Kg2 Nd7 34.e4 
Qe6 35.exd5 Qxd5+ 36.Qe4 Qxe4+ 37.Nxe4 Kf7 38.Kf3 Ke6 39.h4 g6 40.g4 b6 
41.Ke3 Nf6 42.Nxf6 Kxf6 43.Ke4 Ke6 44.d4 exd4 45.Kxd4 Kd6 46.Ke4 Ke6 47.
Kd4 Kf6 48.Ke4 Ke6 49.Kd4 1/2-1/2

[Event "4th EUR-ch"]
[Site "Istanbul TUR"]
[Date "2003.05.30"]
[Round "1.46"]
[White "Vokarev, Sergei"]
[Black "Nisipeanu, Liviu-Dieter"]
[Result "0-1"]
[WhiteElo "2498"]
[BlackElo "2606"]
[EventDate "2003.05.30"]
[PlyCount "82"]

1.e4 c5 2.Nf3 e6 3.b3 b6 4.Bb2 Bb7 5.Qe2 Nc6 6.g3 Nge7 7.Bg2 Ng6 8.h4 h5 
9.O-O Qc7 10.c3 Nce5 11.Nxe5 Nxe5 12.d4 Ng4 13.Na3 Be7 14.d5 a6 15.Rfd1 
exd5 16.exd5 d6 17.Re1 Kf8 18.Nc4 Re8 19.a4 g6 20.Nd2 Kg7 21.c4+ Bf6 22.
Ne4 Bxb2 23.Qxb2+ f6 24.f3 Ne5 25.f4 Ng4 26.Bf3 Qd8 27.Bxg4 hxg4 28.Re2 
Bc8 29.Rae1 Kf7 30.b4 Bf5 31.bxc5 dxc5 32.a5 b5 33.Nxc5 Rxe2 34.Qxe2 bxc4 
35.Qxc4 Qxa5 36.d6+ Kg7 37.Re7+ Kh6 38.d7 Rb8 39.Re2 Qa1+ 40.Kg2 Qd1 41.
Rf2 Rb1 0-1

[Event "4th EUR-ch"]
[Site "Istanbul TUR"]
[Date "2003.05.30"]
[Round "1.48"]
[White "Sulypa, Olexandr"]
[Black "Kozul, Zdenko"]
[Result "0-1"]
[WhiteElo "2492"]
[BlackElo "2601"]
[EventDate "2003.05.30"]
[PlyCount "80"]

1.e4 c5 2.Nf3 Nc6 3.d4 cxd4 4.Nxd4 Nf6 5.Nc3 d6 6.Bc4 e6 7.Bb3 Be7 8.f4 
O-O 9.Be3 Bd7 10.Qe2 Nxd4 11.Bxd4 e5 12.fxe5 dxe5 13.Bxe5 Qa5 14.Bxf6 Bxf6
15.O-O Bxc3 16.bxc3 Qxc3 17.Rad1 Be6 18.Bd5 Rad8 19.Qf2 Bxd5 20.exd5 b6 
21.Rd3 Qc4 22.d6 Rd7 23.a3 Re8 24.Re1 Kf8 25.Kh1 Qc5 26.Qf4 h6 27.h3 Red8 
28.Red1 Qxc2 29.Qg3 Kg8 30.Qe5 Qc5 31.Qf4 Qg5 32.Qe4 Qf6 33.Qc6 Qe6 34.a4 
Qe5 35.Rd5 Qe4 36.Qb5 Qc2 37.Kh2 Qg6 38.Qc6 Qe4 39.a5 bxa5 40.Qa6 Qb4 0-1

[Event "4th EUR-ch"]
[Site "Istanbul TUR"]
[Date "2003.05.30"]
[Round "1.49"]
[White "Efimenko, Zahar"]
[Black "Bocharov, Dmitry"]
[Result "1/2-1/2"]
[WhiteElo "2599"]
[BlackElo "2492"]
[EventDate "2003.05.30"]
[PlyCount "41"]

1.e4 c5 2.Nf3 Nc6 3.d4 cxd4 4.Nxd4 Nf6 5.Nc3 d6 6.Be2 e6 7.O-O Be7 8.Be3 
a6 9.f4 Qc7 10.Kh1 O-O 11.Qe1 Nxd4 12.Bxd4 b5 13.a3 Bb7 14.Qg3 Rad8 15.
Rae1 Rd7 16.Bd3 Re8 17.Qh3 e5 18.Be3 h6 19.Rf3 Nh7 20.Nd5 Bxd5 21.exd5 
1/2-1/2

[Event "4th EUR-ch"]
[Site "Istanbul TUR"]
[Date "2003.05.30"]
[Round "1.50"]
[White "Sanduleac, Vasile"]
[Black "Kotronias, Vasilios"]
[Result "0-1"]
[WhiteElo "2492"]
[BlackElo "2597"]
[EventDate "2003.05.30"]
[PlyCount "82"]

1.e4 c5 2.Nf3 Nc6 3.Bb5 g6 4.Bxc6 dxc6 5.d3 Bg7 6.h3 b6 7.Nc3 e5 8.Be3 Ne7
9.O-O h6 10.Nh2 Be6 11.f4 exf4 12.Bxf4 g5 13.Bg3 Qd7 14.Kh1 O-O-O 15.Nf3 
f5 16.Be5 Rhg8 17.Bxg7 Rxg7 18.exf5 Nxf5 19.Qe1 h5 20.Ne4 g4 21.Nfg5 gxh3 
22.gxh3 Bd5 23.h4 Nd6 24.Kh2 Re8 25.Rf4 Bxe4 26.dxe4 Qc7 27.Kh1 Nf7 28.
Rxf7 Rxf7 29.Nxf7 Qxf7 30.Qe3 Qe6 31.Re1 Qxa2 32.Qh3+ Qe6 33.Qxe6+ Rxe6 
34.e5 Kd7 35.Kh2 Rg6 36.Rd1+ Ke6 37.Rd6+ Kf5 38.Rd7 a5 39.Rh7 Kg4 40.Rd7 
Re6 41.Rb7 b5 0-1

[Event "4th EUR-ch"]
[Site "Istanbul TUR"]
[Date "2003.05.30"]
[Round "1.52"]
[White "Comas i Fabrego, Lluis"]
[Black "Andersson, Ulf"]
[Result "1/2-1/2"]
[WhiteElo "2490"]
[BlackElo "2594"]
[EventDate "2003.05.30"]
[PlyCount "53"]

1.d4 Nf6 2.c4 e6 3.Nc3 Bb4 4.e3 c5 5.Bd3 d5 6.cxd5 Nxd5 7.Ne2 cxd4 8.exd4 
Nd7 9.a3 Bxc3+ 10.bxc3 O-O 11.O-O b6 12.c4 N5f6 13.Bb2 Bb7 14.Ng3 Qc7 15.
Qd2 Rfe8 16.Rfe1 h6 17.h3 Rac8 18.Rac1 Qb8 19.d5 exd5 20.Nf5 Rxe1+ 21.Rxe1
Re8 22.Rxe8+ Qxe8 23.Qf4 dxc4 24.Bxc4 Qe4 25.Bxf7+ Kf8 26.Qxe4 Nxe4 27.Be6
1/2-1/2